000 00835nam0a22002771 4500
001 rc\713739
005 20250621223439.0
010 _a5-7837-0051-7
_910000
035 _a(NLR Aleph) 005957322
090 _a6817751
_c6817751
100 _a20031121d1997 |||y0rusy50 ca
101 0 _arus
102 _aRU
105 _ay |||||||||
200 1 _aДыхание, несущее здоровье
_fЮ.Г. Вилунас
210 _aСПб.
_cИК "Комплект"
_d1997
215 _a346 с.
_d20
225 1 _aЦелительные силы
300 _a1-й экз. с автогр. авт.
320 _aБиблиогр.: с. 344-346
700 1 _aВилунас
_bЮ.Г.
_gЮрий Георгиевич
801 0 _aRU
_bNLR
_gpsbo
801 1 _aRU
_bELAR
_2rusmarc
852 _aNLR
_j97-3/10965
942 _cBOOK
980 _aNB